Guess the European Countries by their Presidents - Statistics

General Stats
  • This quiz has been taken 39 times
  • The average score is 26 of 45
Answer Stats
Hint Answer % Correct
Emmanuel Macron France
94%
Charles III United Kingdom
94%
Vladimir Putin Russia
91%
Felipe VI Spain
91%
Alexander Lukashenko Belarus
88%
Guðni Jóhannesson Iceland
88%
Volodymyr Zelenskyy Ukraine
85%
Harald V Norway
82%
Marcelo Rebelo de Sousa Portugal
79%
Carl XVI Gustaf Sweden
79%
Emmanuel MacronJoan Enric Vives Andorra
74%
Katerina Sakellaropoulou Greece
74%
Philippe Belgium
71%
Denis BećirovićŽeljka Cvijanović Željko Komšić Bosnia and Herzegovina
71%
Michael D. Higgins Ireland
68%
Willem-Alexander Netherlands
68%
Andrzej Duda Poland
68%
Frederik X Denmark
65%
Frank-Walter Steinmeier Germany
65%
Sergio Mattarella Italy
65%
Paolo Rondelli San Marino
65%
Zoran Milanović Croatia
62%
Aleksandar Vučić Serbia
62%
Edgars Rinkēvičs Latvia
56%
Jakov Milatović Montenegro
56%
Rumen Radev Bulgaria
53%
Albert II Monaco
53%
Zuzana Čaputová Slovakia
53%
Hans-Adam II Liechtenstein
50%
Petr Pavel Czech Republic
47%
Gitanas Nausėda Lithuania
47%
Bajram Begaj Albania
41%
Tamás Sulyok Hungary
41%
Vjosa Osmani Kosovo
41%
Gordana Siljanovska-Davkova North Macedonia
35%
Alar Karis Estonia
32%
Nataša Pirc Musar Slovenia
32%
Alexander Van der Bellen Austria
29%
Henri Luxembourg
29%
Myriam Spiteri Debono Malta
29%
Maia Sandu Moldova
29%
Viola Amherd Switzerland
29%
Alexander Stubb Finland
26%
Fernando Vérgez Alzaga Vatican City
26%
Klaus Iohannis Romania
24%
No matching quizzes found
Score Distribution
Percent of People with Each Score
Percentile by Number Answered
Your Score History
You have not taken this quiz